<?xml version="1.0" encoding="UTF-8"?>
<record
    xmlns:xsi="http://www.w3.org/2001/XMLSchema-instance"
    xsi:schemaLocation="http://www.loc.gov/MARC21/slim http://www.loc.gov/standards/marcxml/schema/MARC21slim.xsd"
    xmlns="http://www.loc.gov/MARC21/slim">

  <leader>01722    a2200229   4500</leader>
  <controlfield tag="001">38128</controlfield>
  <controlfield tag="005">20260407155646.0</controlfield>
  <controlfield tag="008">260407a1994    arg                 spa d</controlfield>
  <controlfield tag="003">AR-UNSa-BCEJYS</controlfield>
  <datafield tag="040" ind1=" " ind2=" ">
    <subfield code="a">AR-UNSa-BCEJYS</subfield>
    <subfield code="b">spa</subfield>
    <subfield code="c">AR-UNSa-BCEJYS</subfield>
  </datafield>
  <datafield tag="080" ind1=" " ind2=" ">
    <subfield code="a">911.3:33(82)</subfield>
    <subfield code="x">Geograf&#xED;a econ&#xF3;mica argentina</subfield>
  </datafield>
  <datafield tag="245" ind1="1" ind2="0">
    <subfield code="a">La Argentina, estructura humana y econ&#xF3;mica</subfield>
    <subfield code="p">1994</subfield>
  </datafield>
  <datafield tag="250" ind1=" " ind2=" ">
    <subfield code="a">11a. ed</subfield>
  </datafield>
  <datafield tag="264" ind1=" " ind2="1">
    <subfield code="a">Buenos Aires :</subfield>
    <subfield code="b">Ediciones Macchi</subfield>
    <subfield code="c">1994</subfield>
  </datafield>
  <datafield tag="300" ind1=" " ind2=" ">
    <subfield code="a">xx, 696 p.</subfield>
    <subfield code="c">24 cm.</subfield>
  </datafield>
  <datafield tag="505" ind1=" " ind2=" ">
    <subfield code="a">1. Ambito continental - 2. Factores naturales indirectos autorrenovables - 3. Factores naturales directos o recursos naturales - 4. Regiones naturales - 5. Ambito insular - 6. Sector ant&#xE1;rtico - 7. El dominio del territorio nacional - 8. Desarrollo territorial del planeamiento argentino - 9. Est&#xE1;tica demogr&#xE1;fica - 10. Din&#xE1;mica demogr&#xE1;fica - 11. Aspectos cualitativos de la poblaci&#xF3;n demogr&#xE1;fica - 12. Vivienda - 13. La pobreza en la Argentina - 14. Fundamentos de la actividad agropecuaria argentina - 15. La tecnolog&#xED;a aplicada al agro - 16. Producci&#xF3;n agropecuaria - 17. Cultivos industriales - 18. Frutas, hortalizas, legumbres y plntas forrajeras - 19. Producci&#xF3;n ganadera - 20. Actividad ict&#xED;cola.Pesca y caza mar&#xED;tima y fluvial(explotaci&#xF3;n de algas) - 21. Explotaci&#xF3;n forestal - 22. Miner&#xED;a - 23. Energ&#xED;a - 24. Actividad industrial - 25. Sistema nacional de transporte - 26. El comercio - 27. Turismo - 28. De la Argentina actual a la Argentina del futuro.</subfield>
  </datafield>
  <datafield tag="942" ind1=" " ind2=" ">
    <subfield code="c">BK</subfield>
  </datafield>
  <datafield tag="590" ind1=" " ind2=" ">
    <subfield code="a">niveau_biblio:m niveau_hierar:0</subfield>
  </datafield>
  <datafield tag="100" ind1="1" ind2=" ">
    <subfield code="a">Carlevari, Isidro J.F.</subfield>
  </datafield>
  <datafield tag="700" ind1="1" ind2=" ">
    <subfield code="a">Carlevari, Ricardo D.</subfield>
  </datafield>
  <datafield tag="856" ind1="4" ind2="1">
    <subfield code="u">https://biblioeco.unsa.edu.ar/pmb/images/libros/L65067.jpg</subfield>
    <subfield code="y">Imagen de portada</subfield>
    <subfield code="q">image/jpeg</subfield>
  </datafield>
  <datafield tag="999" ind1=" " ind2=" ">
    <subfield code="c">2855</subfield>
    <subfield code="d">2855</subfield>
  </datafield>
  <datafield tag="952" ind1=" " ind2=" ">
    <subfield code="0">0</subfield>
    <subfield code="1">0</subfield>
    <subfield code="4">0</subfield>
    <subfield code="7">0</subfield>
    <subfield code="a">BCEJYS</subfield>
    <subfield code="b">BCEJYS</subfield>
    <subfield code="c">16</subfield>
    <subfield code="d">2026-04-07</subfield>
    <subfield code="l">0</subfield>
    <subfield code="o">911.3:33(82) C278e 11ed.</subfield>
    <subfield code="p">L65067</subfield>
    <subfield code="r">2026-04-07 15:56:46</subfield>
    <subfield code="w">2026-04-07</subfield>
    <subfield code="y">L</subfield>
  </datafield>
</record>
